[Event "4NCL Division Two"]
[Site "Telford, ENG"]
[Date "2024.03.16"]
[EventDate "2024.03.16"]
[Round "7.64"]
[White "Starley, Robert"]
[WhiteElo "2038"]
[WhiteTeam "Cambridge University 1"]
[Black "Wafa, Shrook"]
[BlackTitle "WGM"]
[BlackElo "2115"]
[BlackTeam "The ADs"]
[Result "0-1"]

1. e4 c5 2. Nf3 Nc6 3. d4 cxd4 4. Nxd4 g6 5. Nc3 Bg7 6. Be3 d6 7. Qd2 Nf6 8. f3
O-O 9. O-O-O Nxd4 10. Bxd4 Be6 11. g4 Qa5 12. Kb1 Rfc8 13. a3 a6 14. h4 b5 15.
Nd5 Qxd2 16. Rxd2 Bxd5 17. exd5 Nd7 18. Bxg7 Kxg7 19. g5 Rc5 20. f4 h5 21.
gxh6+ Kxh6 22. h5 gxh5 23. Rdh2 Nf6 24. Be2 Rh8 25. Bf3 Kg7 26. Rg1+ Kf8 27.
Rg5 h4 28. b3 h3 29. Kb2 Rh4 30. f5 Ke8 31. Rg3 a5 32. Rhxh3 Rxh3 33. Rxh3 Nxd5
34. Rh8+ Kd7 35. Ra8 b4 36. Ra7+ Kd8 37. Ra8+ Kd7 38. axb4 Nxb4 39. Ra7+ Kd8
40. Ra8+ Kd7 41. Ra7+ Rc7 42. Rxa5 Rxc2+ 43. Kb1 Rf2 44. Be4 Re2 45. Ra7+ Kd8
46. Ra8+ Kc7 47. Ra7+ Kb6 48. Rb7+ Kc5 49. Bf3 Re3 50. Bd1 Nd5 51. Kb2 Re5 52.
Bc2 Re2 53. Kc1 Kd4 54. Ra7 Kc3 55. Bd1 Re1 56. b4 Ne3 57. Rc7+ Kd3 58. Rxe7
Rxd1+ 59. Kb2 Nxf5 60. Rxf7 Ne3 61. b5 Nc4+ 62. Kb3 Rb1+ 63. Ka4 d5 64. Rf3+
Kd4 65. Rf7 Nd6 66. Rd7 Nxb5 67. Rb7 Kc4 0-1

[Event "4NCL Division Two"]
[Site "Telford, ENG"]
[Date "2024.03.16"]
[EventDate "2024.03.16"]
[Round "7.65"]
[White "Snape, Ian L"]
[WhiteElo "2159"]
[WhiteTeam "The ADs"]
[Black "Subramanian, Anusha"]
[BlackTitle "WCM"]
[BlackElo "2013"]
[BlackTeam "Cambridge University 1"]
[Result "1/2-1/2"]

1. c4 e5 2. Nc3 Nc6 3. Nf3 f5 4. d4 e4 5. Ng5 h6 6. Nh3 Nf6 7. e3 Bb4 8. Be2
O-O 9. Qb3 Bxc3+ 10. Qxc3 d5 11. Nf4 Kh7 12. h4 Ne7 13. b3 c6 14. Ba3 a5 15. h5
Re8 16. Bxe7 Qxe7 17. c5 Qc7 18. Rc1 Bd7 19. Ng6 Rec8 20. Ne5 Be6 21. Qd2 Nd7
22. Ng6 Nf8 23. Nf4 Bf7 24. g4 fxg4 25. Bxg4 Re8 26. Bf5+ Kg8 27. Qe2 Be6 28.
Qg4 Bxf5 29. Qxf5 Nh7 30. Ke2 a4 31. b4 Ng5 32. Ng6 a3 33. Rc3 Re6 34. Rxa3
Rae8 35. Qf4 Qd7 36. Qg4 Qf7 37. Ne5 Qc7 38. Qg3 Qd8 39. Ra7 Qb8 40. Ra3 Qd8
41. Rh4 b6 42. Ng6 bxc5 43. bxc5 Qd7 44. Rh1 Qb7 45. Kf1 Rf6 46. Nf4 Ref8 47.
Kg2 Ne6 48. Nh3 Qb2 49. Rb3 Qe2 50. Rb7 Rf3 51. Qh4 Rxe3 52. Kg1 Qd1+ 53. Kg2
Qf3+ 54. Kh2 Re2 55. Rg1 Ng5 56. Rxg5 hxg5 57. Rxg7+ Kh8 58. Rh7+ Kg8 59. Rg7+
Kxg7 60. Qxg5+ Kf7 61. Qg6+ Ke7 62. Qd6+ Ke8 63. Qe6+ Kd8 64. Qd6+ Kc8 65.
Qxc6+ Kb8 66. Qb6+ 1/2-1/2

[Event "4NCL Division Two"]
[Site "Telford, ENG"]
[Date "2024.03.16"]
[EventDate "2024.03.16"]
[Round "7.66"]
[White "Chan, Nevil"]
[WhiteElo "1990"]
[WhiteTeam "Cambridge University 1"]
[Black "Banerjee, Supratit"]
[BlackElo "2137"]
[BlackTeam "The ADs"]
[Result "1-0"]

1. d4 d5 2. Nc3 Nf6 3. Bg5 h6 4. Bxf6 exf6 5. e3 c6 6. Bd3 Bd6 7. Qf3 h5 8. e4
Qe7 9. Nge2 Bg4 10. Qe3 Be6 11. O-O Nd7 12. Rfe1 Nb6 13. exd5 cxd5 14. Nf4 Bxf4
15. Qxf4 g5 16. Qf3 O-O-O 17. Re3 Qb4 18. Bf5 Rhe8 19. Rae1 g4 20. Qf4 Nc4 21.
Rxe6 fxe6 22. Rxe6 Rxe6 23. Bxe6+ Rd7 24. Bxd7+ Kxd7 25. Qf5+ Ke8 26. Qxh5+ Kf8
27. Qh6+ Kf7 28. Qxf6+ Kxf6 29. Nxd5+ Kf5 30. Nxb4 Ke4 31. Nd3 Kxd4 32. h3 gxh3
33. gxh3 Nd2 34. Kg2 b6 35. Kg3 Kd5 36. Kf4 Ke6 37. Ke3 Nc4+ 38. Kd4 Nd6 39. a4
Nf5+ 40. Kc4 Nd6+ 41. Kb4 a5+ 42. Kc3 Kd5 43. b3 Ne4+ 44. Kb2 Kd4 45. h4 Nf6
46. Kc1 Kc3 47. Ne5 Kd4 48. Nc4 Kc5 49. Kd2 b5 50. axb5 Kxb5 51. Kd3 Kb4 52.
Kd4 Nh5 53. c3+ Kb5 54. Nd6+ Kc6 55. Ne4 Ng7 56. Ng3 Ne6+ 57. Kc4 Ng7 58. h5
Ne6 59. h6 Ng5 60. f4 Nf7 61. h7 Nh8 62. f5 Nf7 63. Kd4 Kd6 64. Ne4+ Ke7 65.
Ng5 Nh8 66. Ke5 Ke8 67. Kf6 Kf8 68. c4 a4 69. bxa4 Ke8 70. Kg7 Nf7 71. Nxf7 Ke7
72. h8=Q Kd7 73. Qd8+ Kc6 74. Qd6+ Kb7 75. Nd8+ Kc8 76. Qe7 Kb8 77. Qb7# 1-0

[Event "4NCL Division Two"]
[Site "Telford, ENG"]
[Date "2024.03.17"]
[EventDate "2024.03.17"]
[Round "8.11"]
[White "Li, Henry"]
[WhiteTitle "FM"]
[WhiteElo "2358"]
[WhiteTeam "Gonzaga"]
[Black "Atako, Chino C"]
[BlackElo "2129"]
[BlackTeam "Cambridge University 2"]
[Result "1-0"]

1. e4 c5 2. Nc3 e6 3. Nge2 d5 4. d3 Nc6 5. g3 Nf6 6. Bg2 Be7 7. O-O d4 8. Nb1
e5 9. h3 h5 10. f4 Qc7 11. a4 Be6 12. Na3 a6 13. f5 Bd7 14. Nc4 b6 15. Bd2 Rb8
16. a5 b5 17. Nb6 Rxb6 18. axb6 Qxb6 19. b3 c4 20. bxc4 bxc4 21. Qb1 Qa7 22.
Nc1 c3 23. Bg5 O-O 24. Na2 Nxe4 25. Bxe4 Bxg5 26. Qd1 h4 27. Qh5 Be3+ 28. Kh1
Ne7 29. f6 Ng6 30. fxg7 Kxg7 31. Bxg6 fxg6 32. Qxe5+ Kg8 33. Rxf8+ Kxf8 34.
Rf1+ Kg8 35. Qd5+ Kh7 36. Rf7+ Kh6 37. Qxd7 Qa8+ 38. Qb7 Qg8 39. Qe7 Bg5 40.
Qf8+ 1-0

[Event "4NCL Division Two"]
[Site "Telford, ENG"]
[Date "2024.03.17"]
[EventDate "2024.03.17"]
[Round "8.12"]
[White "Barwick, Carmel"]
[WhiteElo "1866"]
[WhiteTeam "Cambridge University 2"]
[Black "Jessel, Stephen"]
[BlackTitle "FM"]
[BlackElo "2285"]
[BlackTeam "Gonzaga"]
[Result "0-1"]

1. e4 e6 2. d4 a6 3. Bd3 d5 4. c3 c5 5. Ne2 Nc6 6. O-O cxd4 7. exd5 Qxd5 8.
cxd4 Be7 9. Nbc3 Qd8 10. Be4 Nf6 11. Bf3 O-O 12. Be3 Re8 13. Rc1 Bd7 14. Nf4
Rb8 15. d5 Ne5 16. dxe6 Nxf3+ 17. Qxf3 fxe6 18. Rfd1 Qa5 19. Qg3 Qf5 20. Nd3
Bc6 21. Qe5 Qg4 22. Nf4 Bf8 23. h3 Qf5 24. Qxf5 exf5 25. Bd4 Kf7 26. Nd3 Nd7
27. h4 Rbd8 28. Be3 h6 29. Ne2 Be7 30. Nd4 Be4 31. g3 Bf6 32. b3 Bxd3 33. Rxd3
Ne5 34. Rdc3 Kg6 35. Kg2 Ng4 36. Rc4 Rxe3 37. Nxf5 Ree8 38. Ra1 0-1

[Event "4NCL Division Two"]
[Site "Telford, ENG"]
[Date "2024.03.17"]
[EventDate "2024.03.17"]
[Round "8.13"]
[White "Menzies, Colin"]
[WhiteTitle "FM"]
[WhiteElo "2201"]
[WhiteTeam "Gonzaga"]
[Black "Camp, Imogen A L"]
[BlackTitle "WCM"]
[BlackElo "1827"]
[BlackTeam "Cambridge University 2"]
[Result "1-0"]

1. Nf3 d5 2. c4 e6 3. b3 Nf6 4. Bb2 c5 5. cxd5 exd5 6. g3 Nc6 7. Bg2 Be7 8. O-O
O-O 9. d4 b6 10. Nc3 Bb7 11. Rc1 a6 12. dxc5 bxc5 13. Na4 c4 14. bxc4 dxc4 15.
Nd2 Qa5 16. Nxc4 Qg5 17. Rb1 Rab8 18. Qc1 Qh5 19. Bxf6 gxf6 20. Rxb7 Rxb7 21.
Bxc6 Rc7 22. Bf3 Qb5 23. Nab6 Bc5 24. Nd5 Bxf2+ 25. Kxf2 Rxc4 26. Qh6 1-0

[Event "4NCL Division Two"]
[Site "Telford, ENG"]
[Date "2024.03.17"]
[EventDate "2024.03.17"]
[Round "8.14"]
[White "Phillips, William"]
[WhiteElo "1793"]
[WhiteTeam "Cambridge University 2"]
[Black "Wall, Gavin"]
[BlackTitle "IM"]
[BlackElo "2274"]
[BlackTeam "Gonzaga"]
[Result "0-1"]

1. d4 f5 2. Nf3 Nf6 3. g3 g6 4. Bg2 Bg7 5. O-O O-O 6. c4 d6 7. Nc3 Qe8 8. d5
Na6 9. Rb1 c6 10. dxc6 bxc6 11. b4 Bd7 12. Qb3 e5 13. Rd1 e4 14. Rxd6 exf3 15.
Bxf3 Ne4 16. Nxe4 fxe4 17. Bg2 Rf7 18. Be3 Bf8 19. Rd4 Nxb4 20. Rxe4 Qc8 21.
Rf4 Bf5 22. Rc1 a5 23. a3 a4 24. Qb2 Na6 25. c5 Rb8 26. Qd2 Rb5 27. Rxa4 Nxc5
28. Bxc5 Bxc5 29. Rac4 Bxa3 30. Rxc6 Qe8 31. Ra1 Be4 32. Bxe4 Qxe4 33. Rc8+ Bf8
34. f3 Rd5 35. Qe1 Qd4+ 36. Kg2 Re5 0-1

[Event "4NCL Division Two"]
[Site "Telford, ENG"]
[Date "2024.03.17"]
[EventDate "2024.03.17"]
[Round "8.15"]
[White "Putar, Lara"]
[WhiteElo "1916"]
[WhiteTeam "Gonzaga"]
[Black "Lim, Mark"]
[BlackElo "1776"]
[BlackTeam "Cambridge University 2"]
[Result "1-0"]

1. d4 c5 2. d5 e5 3. c4 d6 4. Nc3 a6 5. e4 Be7 6. Bd3 Bg5 7. h3 Bxc1 8. Qxc1
Nd7 9. Nf3 Qf6 10. Ne2 Ne7 11. Ng3 O-O 12. O-O g6 13. Qe3 Rb8 14. a4 Qg7 15.
Be2 f5 16. exf5 gxf5 17. Nh5 Qg6 18. Nh4 Qf7 19. Qh6 Nf6 20. Ra3 f4 21. Rg3+
fxg3 22. fxg3 Nf5 23. Nxf5 Nxh5 24. Qg5+ Kh8 25. Nh6 Qg7 26. Rxf8+ Qxf8 27.
Bxh5 Be6 28. dxe6 Qg7 29. Qxg7+ Kxg7 30. e7 1-0

[Event "4NCL Division Two"]
[Site "Telford, ENG"]
[Date "2024.03.17"]
[EventDate "2024.03.17"]
[Round "8.21"]
[White "Gallagher, Daniel GH"]
[WhiteElo "2217"]
[WhiteTeam "Cambridge University 1"]
[Black "Baker, Chris W"]
[BlackTitle "IM"]
[BlackElo "2284"]
[BlackTeam "Warwickshire Select 1"]
[Result "1/2-1/2"]

1. Nf3 d5 2. e3 Nf6 3. c4 dxc4 4. Bxc4 e6 5. O-O a6 6. a4 c5 7. Qe2 Nc6 8. Rd1
Be7 9. d4 cxd4 10. Nxd4 Nxd4 11. exd4 O-O 12. Nc3 Nd5 13. Nxd5 exd5 14. Bxd5
Qxd5 15. Qxe7 Bd7 16. Be3 Bc6 17. Qg5 f5 18. f3 Rae8 19. Ra3 h6 20. Qh4 Bxa4
1/2-1/2

[Event "4NCL Division Two"]
[Site "Telford, ENG"]
[Date "2024.03.17"]
[EventDate "2024.03.17"]
[Round "8.22"]
[White "Bowcott-Terry, Finlay"]
[WhiteElo "2298"]
[WhiteTeam "Warwickshire Select 1"]
[Black "McClement, Andrew"]
[BlackElo "2221"]
[BlackTeam "Cambridge University 1"]
[Result "1-0"]

1. e4 c5 2. Nf3 d6 3. d4 cxd4 4. Qxd4 Nc6 5. Bb5 Bd7 6. Bxc6 Bxc6 7. Nc3 Nf6 8.
Bg5 e6 9. O-O-O Be7 10. Qd3 Qa5 11. h4 O-O 12. Nd4 a6 13. f3 Rfd8 14. g4 Rac8
15. Kb1 b5 16. Nxc6 Rxc6 17. Ne2 b4 18. Nd4 Rcc8 19. f4 Qc5 20. Bxf6 Bxf6 21.
Nb3 Qc4 22. g5 Be7 23. Nd4 d5 24. e5 Bc5 25. Ne2 a5 26. h5 Qxd3 27. Rxd3 f6 28.
exf6 gxf6 29. g6 e5 30. f5 e4 31. Rdh3 Re8 32. h6 Re5 33. Rf1 d4 34. Rg3 d3 35.
gxh7+ Kxh7 36. Rg7+ Kh8 37. Nf4 dxc2+ 38. Ka1 Be3 39. Ng6# 1-0

[Event "4NCL Division Two"]
[Site "Telford, ENG"]
[Date "2024.03.17"]
[EventDate "2024.03.17"]
[Round "8.23"]
[White "Stewart, Ashley"]
[WhiteElo "2053"]
[WhiteTeam "Cambridge University 1"]
[Black "Pitcher, John"]
[BlackElo "2315"]
[BlackTeam "Warwickshire Select 1"]
[Result "0-1"]

1. d4 d5 2. c4 c6 3. Nf3 Nf6 4. g3 Bf5 5. Nc3 e6 6. Qb3 Qb6 7. c5 Qc7 8. Bf4
Qc8 9. Bg2 h6 10. O-O Nbd7 11. Qd1 Be7 12. b4 Ne4 13. Qb3 O-O 14. Rfd1 Re8 15.
Nd2 Nxc3 16. Qxc3 Nf6 17. f3 Bd8 18. e4 Bg6 19. e5 Nd7 20. Be3 Qc7 21. Bh3 b6
22. f4 bxc5 23. bxc5 Qa5 24. Qc1 Qa4 25. Nb3 Bc7 26. Rf1 Bd3 27. Rf2 Nf8 28. f5
exf5 29. Bxf5 Bxf5 30. Rxf5 Rad8 31. Qd2 Rd7 32. Raf1 Bd8 33. h4 Qc4 34. Qf2
Ree7 35. g4 a5 36. h5 Ne6 37. g5 hxg5 38. h6 gxh6 39. Rf6 Nf8 40. Rxh6 Re6 41.
Qh2 Rxh6 42. Qxh6 Qd3 43. Rf3 Qg6 44. Qh2 Kg7 45. Qd2 a4 46. Na5 Ra7 47. Rf6
Bxf6 48. Nxc6 Rb7 49. exf6+ Qxf6 50. Nb4 Qf5 51. a3 Ne6 52. Qg2 Nf4 53. Bxf4
Qxf4 54. c6 Re7 55. Qf2 Qg4+ 56. Kf1 Qd1+ 57. Kg2 Re2 58. c7 Rxf2+ 59. Kxf2
Qxd4+ 60. Kg2 Qd2+ 61. Kh1 Qc1+ 62. Kg2 Qxc7 0-1

[Event "4NCL Division Two"]
[Site "Telford, ENG"]
[Date "2024.03.17"]
[EventDate "2024.03.17"]
[Round "8.24"]
[White "Larsen, Pelle O."]
[WhiteElo "2198"]
[WhiteTeam "Warwickshire Select 1"]
[Black "Starley, Robert"]
[BlackElo "2038"]
[BlackTeam "Cambridge University 1"]
[Result "1/2-1/2"]

1. g3 d5 2. Bg2 Nf6 3. Nf3 e6 4. O-O Be7 5. c4 O-O 6. b3 c5 7. e3 Nc6 8. Bb2 b6
9. Qe2 Bb7 10. Rd1 Qc7 11. Nc3 a6 12. cxd5 exd5 13. d4 Rfd8 14. Rac1 Rac8 15.
dxc5 bxc5 16. Na4 Qa5 17. Bc3 Qc7 18. Bxf6 Bxf6 19. Nxc5 Qb6 20. Nxb7 Qxb7 21.
Rc5 Ne7 22. Rxc8 Rxc8 23. Nd4 g6 24. Bf1 a5 25. Qa6 Qxa6 26. Bxa6 Rc5 27. Kg2
Kf8 28. Rd2 Ke8 29. Ne2 Kd7 30. Nf4 Kc6 31. Be2 Bc3 32. Rc2 Bf6 33. Rd2 Bc3 34.
Rd1 Bf6 35. Bf3 Bg7 36. h4 Bf6 37. Kf1 h6 38. Ke2 Rc2+ 39. Rd2 Rxd2+ 40. Kxd2
Kc5 41. Kc2 d4 42. Nd3+ Kd6 43. e4 Nc6 44. Nb2 Ne5 45. Be2 Bd8 46. f4 Nc6 47.
a3 f6 48. Bb5 Na7 49. Be8 g5 50. hxg5 hxg5 51. Kd3 gxf4 52. gxf4 Ke7 53. Ba4
Bc7 54. f5 Nc8 55. Bc6 Nb6 56. Nd1 Kd6 57. Bb7 Kc5 58. Nf2 Nd7 59. Kc2 Ne5 60.
Nh3 Ng4 61. Bd5 Ne3+ 62. Kd3 Nxd5 63. exd5 Kxd5 64. Ng1 Bd6 65. Nf3 Bxa3 66.
Nxd4 Bb4 67. Nf3 Be7 68. Ke3 Bd8 69. Kd3 Bc7 70. Ke3 Bb6+ 71. Kd3 Bd8 72. Ke3
Bc7 73. Kd3 Bf4 74. Nd4 Bc1 75. Nf3 Kc5 76. Kc2 Bf4 77. Kd3 Kb4 78. Kc2 Be3 79.
Ne1 Kc5 80. Kd3 Bf2 81. Nf3 Kd5 82. Ke2 Bd4 83. Kd3 Bb2 84. Nd2 Ba3 85. Nf3 Bc1
86. Nd4 Bb2 1/2-1/2

[Event "4NCL Division Two"]
[Site "Telford, ENG"]
[Date "2024.03.17"]
[EventDate "2024.03.17"]
[Round "8.25"]
[White "Subramanian, Anusha"]
[WhiteTitle "WCM"]
[WhiteElo "2013"]
[WhiteTeam "Cambridge University 1"]
[Black "Fallowfield, Jeremy R"]
[BlackElo "2187"]
[BlackTeam "Warwickshire Select 1"]
[Result "1/2-1/2"]

1. Nf3 Nf6 2. b3 c5 3. c4 d5 4. cxd5 Nxd5 5. Bb2 Nc6 6. g3 f6 7. Nc3 e5 8. d3
Be6 9. Bg2 Be7 10. Rc1 Rc8 11. h4 Nxc3 12. Bxc3 Qd7 13. h5 O-O 14. Qd2 Qd8
1/2-1/2

[Event "4NCL Division Two"]
[Site "Telford, ENG"]
[Date "2024.03.17"]
[EventDate "2024.03.17"]
[Round "8.26"]
[White "Valdepenas Octavio, Javier"]
[WhiteElo "2216"]
[WhiteTeam "Warwickshire Select 1"]
[Black "Chan, Nevil"]
[BlackElo "1990"]
[BlackTeam "Cambridge University 1"]
[Result "1/2-1/2"]

1. e4 b6 2. d4 Bb7 3. Bd3 Nf6 4. Qe2 Nc6 5. c3 e5 6. Nf3 d6 7. O-O Be7 8. d5
Nb8 9. c4 Nbd7 10. Nc3 Nf8 11. Rb1 a5 12. Bc2 Bc8 13. Ne1 Ng6 14. Nd3 O-O 15.
a3 Ne8 16. f3 Bg5 17. Be3 Bxe3+ 18. Qxe3 f5 19. b4 Nf6 20. Bd1 Nh5 21. c5 axb4
22. axb4 bxc5 23. bxc5 Ba6 24. Rf2 Bxd3 25. Qxd3 Ngf4 26. Qd2 h6 27. exf5 Qg5
28. Ne4 Qxf5 29. Bc2 Qd7 30. cxd6 cxd6 31. Rff1 Ra2 32. Ng3 Rc8 33. Bh7+ Kxh7
34. Qxa2 Qc7 35. Nxh5 Nxh5 36. Rfc1 Qxc1+ 37. Rxc1 Rxc1+ 38. Kf2 Nf4 39. g3
Nd3+ 40. Ke3 Nb4 41. Qa5 Rc4 42. Kf2 Rd4 43. Qb6 Nd3+ 44. Ke3 Rxd5 45. f4 exf4+
46. gxf4 Nc5 47. Qc7 Rd3+ 48. Ke2 Kg6 49. Qc8 Rd4 50. Kf3 Rd3+ 51. Ke2 Rd4 52.
Kf3 Rd3+ 53. Kg4 h5+ 54. Kh4 Rd4 55. Qe8+ Kf6 56. Qf8+ Kg6 57. Qe8+ Kf6 58.
Kxh5 Ne6 59. Kg4 1/2-1/2

[Event "4NCL Division Two"]
[Site "Telford, ENG"]
[Date "2024.03.17"]
[EventDate "2024.03.17"]
[Round "8.31"]
[White "Merry, Alan B"]
[WhiteTitle "IM"]
[WhiteElo "2441"]
[WhiteTeam "Barbican 4NCL"]
[Black "Jogstad, Martin"]
[BlackTitle "FM"]
[BlackElo "2401"]
[BlackTeam "CSC/Kingston 1"]
[Result "1/2-1/2"]

1. d4 d5 2. c4 c6 3. e3 Nf6 4. Nc3 Bf5 5. cxd5 cxd5 6. Qb3 Nc6 7. Qxb7 Bd7 8.
Qb3 Rb8 9. Qd1 e5 10. Nf3 Bd6 11. dxe5 Nxe5 12. Be2 Nxf3+ 13. Bxf3 Qc7 14. h3
O-O 15. O-O Rfd8 16. a4 Bh2+ 17. Kh1 Be5 18. Nxd5 Nxd5 19. Bxd5 Bxh3 20. e4 Be6
21. Qf3 Bxd5 22. exd5 Qc4 23. Be3 Rxb2 24. Rfd1 Rb4 25. Rac1 Qh4+ 26. Qh3 Qf6
27. Qf3 Rxa4 28. Qxf6 gxf6 29. g3 Kg7 30. Kg2 Rd7 31. Rc6 Ra5 32. d6 Ra2 33.
Kh3 Ra3 34. Rd5 h5 35. Kg2 Ra2 36. Bf4 Bxf4 37. gxf4 Ra4 38. Rxh5 Rxf4 39. Ra5
Rd4 40. Rc7 R4xd6 41. Raxa7 Rxc7 42. Rxc7 Rd3 43. Rc5 Kg6 44. Rc8 f5 45. Ra8
Kg5 46. Ra7 f6 47. Ra8 f4 48. Rg8+ Kf5 49. Re8 Rb3 50. Re7 Rb8 51. Kf3 Ra8 52.
Rf7 Ra3+ 53. Kg2 Kg6 54. Rf8 Rd3 55. Re8 Kf5 56. Rf8 Rd6 57. Kf3 Rd7 58. Re8
Rh7 59. Rf8 Rh3+ 60. Kg2 Rh5 61. Kf3 Rh1 62. Re8 Rh3+ 63. Kg2 Ra3 64. Rf8 Rb3
65. Re8 Rb5 66. Kf3 Rb3+ 67. Kg2 Kg4 68. Rg8+ Kh4 69. Rh8+ Kg5 70. Rg8+ Kh5 71.
Rh8+ Kg6 72. Rf8 f5 73. Re8 Ra3 74. Rf8 Rc3 75. Re8 Kf7 76. Ra8 Kf6 77. Re8 Ra3
78. Rb8 Kg6 79. Rg8+ Kh5 80. Rh8+ Kg4 81. Rg8+ Kh4 1/2-1/2

[Event "4NCL Division Two"]
[Site "Telford, ENG"]
[Date "2024.03.17"]
[EventDate "2024.03.17"]
[Round "8.32"]
[White "Maycock Bates, David Henry"]
[WhiteTitle "CM"]
[WhiteElo "2343"]
[WhiteTeam "CSC/Kingston 1"]
[Black "Parker, Jonathan F"]
[BlackTitle "GM"]
[BlackElo "2530"]
[BlackTeam "Barbican 4NCL"]
[Result "1/2-1/2"]

1. e4 e5 2. Nf3 Nc6 3. Bb5 g6 4. c3 d6 5. d4 Bd7 6. O-O Bg7 7. h3 Nf6 8. Nbd2
O-O 9. a4 exd4 10. cxd4 Nb4 11. Qb3 a5 12. Bc4 d5 13. exd5 Bf5 14. Ne5 Nfxd5
15. Re1 c6 16. Ne4 Qc7 17. Bd2 Rad8 18. Ng3 Be6 19. Bxb4 axb4 20. Bxd5 Rxd5 21.
Qxb4 c5 22. Qa3 Rxd4 23. Nd3 b6 24. a5 c4 25. axb6 Qxb6 26. Nc5 Bc8 27. Nge4
Rd5 28. Na4 Qc6 29. Nac3 Rd3 30. Rad1 Bb7 31. Qc5 Rfd8 32. Rxd3 Rxd3 33. Re3
Bd4 34. Qxc6 Bxc6 35. Rxd3 cxd3 36. Kf1 f5 37. Nd2 g5 38. Nf3 Bf6 39. Ke1 g4
40. hxg4 fxg4 41. Nh2 Bxg2 1/2-1/2

[Event "4NCL Division Two"]
[Site "Telford, ENG"]
[Date "2024.03.17"]
[EventDate "2024.03.17"]
[Round "8.33"]
[White "Taylor, Martin R"]
[WhiteTitle "FM"]
[WhiteElo "2345"]
[WhiteTeam "Barbican 4NCL"]
[Black "Li, Vladimir"]
[BlackTitle "FM"]
[BlackElo "2303"]
[BlackTeam "CSC/Kingston 1"]
[Result "1-0"]

1. d4 Nf6 2. c4 e6 3. Nc3 Bb4 4. Qc2 d5 5. a3 Bxc3+ 6. Qxc3 dxc4 7. Qxc4 b6 8.
Nf3 Ba6 9. Qa4+ Qd7 10. Qxd7+ Nbxd7 11. e3 Bxf1 12. Rxf1 c5 13. Bd2 Ne4 14. Rc1
Ke7 15. Ke2 Rac8 16. dxc5 Nxd2 17. Nxd2 Nxc5 18. Rc2 Kd7 19. Rd1 Na4 20. Nf3+
Ke7 21. Rdc1 Rxc2+ 22. Rxc2 Rd8 23. Ne5 Rd5 24. Nc6+ Kd6 25. Nxa7 Kd7 26. b3
Nc5 27. b4 Ne4 28. Nc8 Rb5 29. Rc4 Nd6 30. Nxd6 Kxd6 31. a4 Rg5 32. b5 Kd5 33.
Rc6 Rg4 34. Rxb6 Rxa4 35. Rb7 f5 36. Rxg7 Rb4 37. Rxh7 Rxb5 38. Rd7+ Ke5 39. h3
f4 40. exf4+ Kxf4 41. Rd4+ Kf5 42. Rd3 Rb4 43. Rf3+ Kg5 44. Re3 Kf6 45. Kf3 e5
46. g4 Ra4 47. Kg3 Ra1 48. Rf3+ Kg6 49. Rf5 Ra5 50. Kf3 Ra3+ 51. Ke4 Rxh3 52.
Rxe5 Ra3 53. Kf4 Ra6 54. Rg5+ Kf6 55. Rf5+ Kg6 56. Kg3 Rb6 57. Rf3 Rb4 58. Ra3
Rb6 59. f4 Kh6 60. Kh4 Kg6 61. Ra5 Kf6 62. g5+ Kg7 63. Kh5 Rb7 64. f5 Kf7 65.
Ra6 Kg7 66. f6+ Kf7 67. g6+ 1-0

[Event "4NCL Division Two"]
[Site "Telford, ENG"]
[Date "2024.03.17"]
[EventDate "2024.03.17"]
[Round "8.34"]
[White "Finn, Peter"]
[WhiteTitle "CM"]
[WhiteElo "2278"]
[WhiteTeam "CSC/Kingston 1"]
[Black "Cox, John J"]
[BlackTitle "IM"]
[BlackElo "2263"]
[BlackTeam "Barbican 4NCL"]
[Result "1/2-1/2"]

1. Nf3 Nf6 2. d4 g6 3. g3 Bg7 4. Bg2 O-O 5. O-O d6 6. b3 c6 7. Bb2 Ne4 8. c4
Na6 9. Nc3 Bf5 10. Nh4 Nxc3 11. Bxc3 Bd7 12. Qd3 Qc7 13. e4 e5 14. Rad1 Rad8
15. Rd2 Bf6 16. Qe3 c5 17. dxe5 dxe5 18. Rfd1 b6 19. Nf3 Nb8 20. Rd6 Be6 21.
Rxd8 Rxd8 22. Rxd8+ Qxd8 23. Nxe5 Qd1+ 24. Bf1 Bh3 25. Qe1 Qxe1 26. Bxe1 Bxf1
27. Ng4 Bd4 28. Kxf1 h5 29. Nh6+ Kg7 30. Bd2 Nc6 31. g4 Be5 32. gxh5 Bxh2 33.
Ng4 Bd6 34. Bc3+ Kh7 35. hxg6+ Kxg6 36. Ke2 f5 37. exf5+ Kxf5 38. Ne3+ Ke4 39.
f3+ Kf4 40. Nd5+ Kf5 41. Ke3 Ne7 42. Nxe7+ Bxe7 43. Bd2 Bh4 44. Kd3 Bg3 45. Be3
Ke5 46. a3 Kf5 47. b4 cxb4 48. axb4 a5 49. b5 Bc7 50. c5 bxc5 51. Kc4 a4 52.
Bc1 Ke6 53. Bb2 Bb6 54. Ba3 Ba7 55. Bc1 Bb6 56. Bf4 Kf5 57. Bb8 Ke6 58. f4 Kf5
59. Kd5 a3 60. Be5 a2 61. Kc4 Bc7 62. Bb2 Bxf4 1/2-1/2

[Event "4NCL Division Two"]
[Site "Telford, ENG"]
[Date "2024.03.17"]
[EventDate "2024.03.17"]
[Round "8.35"]
[White "Rogers, Jonathan W"]
[WhiteTitle "FM"]
[WhiteElo "2329"]
[WhiteTeam "Barbican 4NCL"]
[Black "Lalic, Peter D"]
[BlackTitle "CM"]
[BlackElo "2268"]
[BlackTeam "CSC/Kingston 1"]
[Result "1/2-1/2"]

1. d4 d6 2. e4 e5 3. dxe5 dxe5 4. Qxd8+ Kxd8 5. Be3 Nf6 6. f3 Nbd7 7. Bc4 Ke8
8. Nc3 c6 9. Nge2 Bc5 10. Bxc5 Nxc5 11. a4 Be6 12. Bxe6 Nxe6 13. Nd1 Kd8 14.
Ne3 Kc7 15. Nc4 Nd7 16. b4 f6 17. a5 Rad8 18. Kf2 Nb8 19. Rhd1 Rxd1 20. Rxd1
Rd8 21. Rxd8 Kxd8 22. Ke3 Na6 23. c3 Ke7 24. g3 g5 25. Kd3 Nac7 26. Ne3 Ng7 27.
Nc1 Nce6 28. Nb3 h5 29. Kc4 Ne8 30. Nf5+ Kd7 31. Kd3 Nd6 32. h4 b6 33. axb6
axb6 34. Nd2 b5 35. c4 Nf8 36. cxb5 cxb5 37. Nb1 Ng6 38. Nc3 gxh4 39. Nxh4 Nxh4
40. gxh4 Ke6 1/2-1/2

[Event "4NCL Division Two"]
[Site "Telford, ENG"]
[Date "2024.03.17"]
[EventDate "2024.03.17"]
[Round "8.36"]
[White "Wilson, Ewan"]
[WhiteElo "2185"]
[WhiteTeam "CSC/Kingston 1"]
[Black "Franklin, Samuel G A"]
[BlackTitle "FM"]
[BlackElo "2289"]
[BlackTeam "Barbican 4NCL"]
[Result "0-1"]

1. d4 Nf6 2. c4 g6 3. Nc3 Bg7 4. Nf3 O-O 5. e3 d6 6. Be2 Bf5 7. O-O Ne4 8. Nxe4
Bxe4 9. Ng5 Bc6 10. d5 Bd7 11. e4 e6 12. Qb3 exd5 13. cxd5 Bc8 14. f4 h6 15.
Nf3 Nd7 16. f5 Nc5 17. Qc2 Qe7 18. Bd3 Re8 19. fxg6 fxg6 20. Re1 Bg4 21. e5
Bxf3 22. gxf3 Qh4 23. Be3 Rxe5 24. Bf2 Rg5+ 25. Kh1 Qh3 0-1

[Event "4NCL Division Two"]
[Site "Telford, ENG"]
[Date "2024.03.17"]
[EventDate "2024.03.17"]
[Round "8.37"]
[White "Sowray, Peter J"]
[WhiteTitle "FM"]
[WhiteElo "2187"]
[WhiteTeam "Barbican 4NCL"]
[Black "Buanne, Luca"]
[BlackElo "2110"]
[BlackTeam "CSC/Kingston 1"]
[Result "1-0"]

1. c4 Nf6 2. Nf3 e6 3. g3 d5 4. Bg2 d4 5. O-O c5 6. e3 Nc6 7. exd4 cxd4 8. Re1
Bd6 9. d3 h6 10. b3 O-O 11. Ba3 Bxa3 12. Nxa3 Re8 13. Nc2 e5 14. a3 a5 15. Rb1
Bg4 16. b4 axb4 17. axb4 e4 18. dxe4 Nxe4 19. Qd3 Qf6 20. Ncxd4 Nxd4 21. Qxd4
Bxf3 22. Qxf6 gxf6 23. Bxf3 Nd2 24. Bxb7 Nxb1 25. Rxb1 Rab8 26. Bd5 Rec8 27. b5
Rb6 28. f4 Kf8 29. Kf2 Ke7 30. Ke3 Kd6 31. Kd4 h5 32. Bxf7 Rc5 33. Re1 Rc8 34.
c5+ 1-0

[Event "4NCL Division Two"]
[Site "Telford, ENG"]
[Date "2024.03.17"]
[EventDate "2024.03.17"]
[Round "8.38"]
[White "Frostick, Helen M"]
[WhiteElo "1851"]
[WhiteTeam "CSC/Kingston 1"]
[Black "Patel, Diah"]
[BlackElo "1503"]
[BlackTeam "Barbican 4NCL"]
[Result "1-0"]

1. d4 d5 2. Bf4 Nf6 3. e3 a6 4. Nd2 Nc6 5. h3 g6 6. Ngf3 Bg7 7. Be2 O-O 8. O-O
h6 9. Ne5 g5 10. Nxc6 bxc6 11. Be5 Bf5 12. Bd3 e6 13. f3 Re8 14. e4 Bg6 15. c3
c5 16. Bc2 c4 17. b3 cxb3 18. axb3 c6 19. Re1 Bf8 20. b4 Nd7 21. Bh2 Bg7 22. e5
Bxc2 23. Qxc2 f5 24. exf6 Nxf6 25. Nb3 Nd7 26. Qd3 e5 27. Bg3 exd4 28. Nxd4 Qf6
29. Rxa6 Rxe1+ 30. Bxe1 Re8 31. Bf2 Qf4 32. Ne2 Qe5 33. Ra2 Bf8 34. Qg6+ Bg7
35. Bd4 Qe7 36. Bxg7 Qxg7 37. Qxe8+ Kh7 38. Ra7 Qf6 39. Rxd7+ Qg7 40. Rxg7+
Kxg7 41. Qxc6 h5 42. Qxd5 g4 43. hxg4 hxg4 44. Qg5+ Kf7 45. Qxg4 Ke8 46. Qg7
Kd8 47. b5 Kc8 48. b6 Kb8 49. Qc7+ Ka8 50. Qa7# 1-0